Africa : Currency by Country (Yellow Box) - Statistics

General Stats
  • This quiz has been taken 571 times
    188 since last reset
  • The average score is 35 of 54
Answer Stats
Country Currency % Correct
Algeria Algerian dinar
88%
Benin West African CFA franc
88%
Burkina Faso West African CFA franc
88%
Central African Republic Central African CFA franc
86%
Republic of the Congo Central African CFA franc
86%
Cameroon Central African CFA franc
85%
Democratic Republic of the Congo Congolese franc
85%
Burundi Burundi franc
83%
Chad Central African CFA franc
83%
Equatorial Guinea Central African CFA franc
83%
Gabon Central African CFA franc
83%
Ivory Coast West African CFA franc
83%
Djibouti Djiboutian franc
82%
Guinea Guinean franc
82%
Guinea-Bissau West African CFA franc
80%
Egypt Egyptian pound
77%
Mali West African CFA franc
77%
Niger West African CFA franc
76%
Comoros Comorian franc
74%
Senegal West African CFA franc
74%
Angola Angolan kwanza
71%
Kenya Kenyan shilling
71%
Togo West African CFA franc
70%
Ethiopia Ethiopian birr
68%
Liberia Liberian dollar (alongside US dollar)
68%
South Africa South African rand
67%
Libya Libyan dinar
65%
Rwanda Rwandan franc
65%
Tunisia Tunisian dinar
64%
Zimbabwe Zimbabwe gold (alongside others)
64%
Botswana Botswana pula
62%
Cape Verde Cabo Verdean escudo
62%
Morocco Moroccan dirham
58%
Sudan Sudanese pound
58%
Ghana Ghanaian cedi
56%
Tanzania Tanzanian shilling
56%
South Sudan South Sudanese pound
55%
Uganda Ugandan shilling
55%
Namibia Namibian dollar
53%
Somalia Somali shilling (alongside US dollar)
53%
Eritrea Eritrean nakfa
52%
Lesotho Lesotho loti
52%
Madagascar Malagasy ariary
52%
Nigeria Nigerian naira
50%
Malawi Malawian kwacha
48%
Seychelles Seychellois rupee
48%
Zambia Zambian kwacha
48%
Mauritius Mauritian rupee
47%
Mozambique Mozambican metical
47%
Sierra Leone Sierra Leonean leone
47%
Eswatini Swazi lilangeni
45%
Gambia Gambian dalasi
42%
São Tomé and Príncipe Sao Tome and Principe dobra
41%
Mauritania Mauritanian ouguiya
38%
No matching quizzes found
Score Distribution
Percent of People with Each Score
Percentile by Number Answered
Your Score History
You have not taken this quiz since the last reset